000 00742nam a2200217Ia 4500
003 GCL
008 140319s9999 xx 000 0 ara d
040 _aGCL /
_cGCL
082 0 4 _a366
_bا م
100 1 _aابراهيم مشورب
245 1 0 _aالمؤسسات السياسية والاجتماعية فى الدولة المعاصرة /
_cابراهيم مشورب
250 _aالاولى
260 _aبيروت :
_bدار المنهل ،
_c1998
300 _a334 ص ؛
_c20 سم
650 0 4 _aالاحزاب السياسية
650 0 4 _aالجمعيات الخيرية
650 0 4 _aالمؤسسات الاجتماعية
650 0 4 _aالنقابات
650 0 4 _aالجمعيات التعاونية
942 _2ddc
_cBK
999 _c5574
_d5574